[Event "Kitale op"]
[Site "Kitale"]
[Date "2023.05.13"]
[Round "2"]
[White "Kisindai, Paul Wangwe"]
[Black "Nsubuga, Haruna"]
[Result "0-1"]
[WhiteElo "1633"]
[BlackElo "2230"]
[PlyCount "109"]
[EventDate "2023.05.13"]
[EventType "swiss"]
[EventRounds "6"]
[EventCountry "KEN"]
[SourceTitle "EXT 2024"]
[Source "ChessBase"]
[SourceDate "2023.10.10"]
[SourceVersion "1"]
[SourceVersionDate "2023.10.10"]
[SourceQuality "1"]

1. e4 c5 2. Nf3 Nc6 3. d4 cxd4 4. Nxd4 e5 5. Nb5 a6 6. Nd6+ Bxd6 7. Qxd6 Qe7 8. Qxe7+ Ngxe7 9. Nc3 d5 10. a3 dxe4 11. Nxe4 0-0 12. Be3 b5 13. Be2 f5 14. Nd6 Nd5 15. c4 Nxe3 16. fxe3 b4 17. 0-0 Be6 18. Rad1 bxa3 19. bxa3 Rab8 20. c5 Rb3 21. Bxa6 Rxe3 22. Rd3 Rxd3 23. Bxd3 e4 24. Bc4 Bxc4 25. Nxc4 f4 26. g3 g5 27. h4 h6 28. hxg5 hxg5 29. gxf4 gxf4 30. Kg2 Nd4 31. a4 Rf6 32. a5 Rg6+ 33. Kf2 Rc6 34. Rg1+ Kf8 35. Rg4 Ne6 36. Ne5 e3+ 37. Kf3 Nd4+ 38. Kxf4 e2 39. Nd3 Nc2 40. Kf3 e1Q 41. Nxe1 Nxe1+ 42. Ke2 Nc2 43. Rc4 Na3 44. Rc3 Nb5 45. Rc1 Ke7 46. Kd3 Kd7 47. Kc4 Na7 48. Rh1 Kc8 49. Rh8+ Kb7 50. Kd5 Rg6 51. Rh7+ Kb8 52. Rh8+ Nc8 53. Rh7 Rg5+ 54. Kc6 Na7+ 55. Kb6 0-1